00979nac a22002651i 4500003000900000005001700009008004100026020001500067040004300082043001200125082001700137100004300154245003900197264005100236300007500287336002600362337002800388338002700416504005200443651003900495655001700534942001200551999001500563952013500578EG-ScBUE20240327091811.0240327s1981 enkaf f b 001 0 eng d a0948397349 aEG-ScBUEbengerdacEG-ScBUEdEG-ScBUE af-ua---04a932bROM2221 aRomer, John, eauthor.10aValley of the kings /cJohn Romer. 1aLondon :bMichael O'mara Books Limited,c1981. a293 pages, [16] pages of plates :billustrations (some color) ;c25 cm 2rdacontentatextbtxt aunmediated2rdamediabn avolumebnc2rdacarrier aIncludes bibliographical references and index.  7aValley of the Kings (Egypt)2BUEsh vReading book cBB2ddc c9283d9283 00102ddc40708AlahramaMAINbMAINc2NDd2008-04-29ePurchasel0o932 ROMp000011214r2025-07-15 00:00:00v82.00w2008-04-29yBB